THE NEW POSTAL SERVICE - HYBRID MAIL.

Bibliographic Details
Main Author: Madleňák, Radovan, 1974- (Author)
Format: Article
Language:English
ISBN:8071006106

MARC

LEADER 00000naa a2200000uu 4500
001 vtls011045254
003 SK-MaSNL
005 20260302143259.0
008 210905|1999 xo |||||||||||||||||eng|
015 |a SNBRA 
035 |a (urnnbn)urn:nbn:sk:snk:ar-0091qh 
035 |a (uuid)c070f900-8a73-4c1e-8791-71423390de64 
035 |a urn:nbn:sk:snk-aaux0s 
040 |a SNKBUCL  |b slo  |c SNKBUCL  |e AACR2 
041 0 |a eng 
044 |a xo  |c SK 
100 1 |a Madleňák, Radovan,  |d 1974-  |4 aut  |9 255084 
245 1 0 |a THE NEW POSTAL SERVICE - HYBRID MAIL.  |c Radovan Madleňák 
773 0 |t TRANSCOM '99  |d Žilina : University of Žilina, 1999  |g S. 169-172  |z 8071006106 
958 |a OND 
958 |a article12 
958 |a chapter 
999 |c 1343621  |d 1345551